000 00657nam a2200229Ia 4500
003 OSt
005 20220925224531.0
006 a|||||r|||| 00| 0
007 ta
008 220923b |||||||| |||| 00| 0 eng d
037 _cGeneral Book
040 _aRTL
_cRTL
_beng
041 _2eng
_aeng
082 _aY:4:6.3z7, L7
100 _aFitzerald Mike, and others Ed.
_9291231
245 0 _aWelfare in action
260 _aLondon
_bRoutledge and Kegan Paul
_c1977
300 _avii,232p
_ccm.
500 _aBibliography chapterwise
942 _hY:4:6.3z7, L7
_cGB
_2CC
999 _c581687
_d581687